Hasta el año que viene... /

Gardado en:
Detalles Bibliográficos
Autor Principal: Velasco Aceves Vidrio, Aurora (autor)
Formato: Libro
Idioma:Lingua castelá
Publicado: Querétaro, México : La Otra Banda, 2004, c2004
Edición:2a edición
Temas:
Etiquetas: Engadir etiqueta
Sen Etiquetas, Sexa o primeiro en etiquetar este rexistro!

MARC

LEADER 00000nam^a2200000^a^4500
001 000415564
005 20250521000000.0
009 20260526144123.068
020 |a 968-7377-92-5 
037 |a Acervo ITESO - Biblioteca 
041 |a ESP 
082 |a 863.  |b VEL 
100 |a Velasco Aceves Vidrio, Aurora  |e (autor) 
245 1 0 |a Hasta el año que viene... /  |c A. Velasco Aceves Vidrio. 
250 |a 2a edición 
264 4 |a Querétaro, México :  |b La Otra Banda,  |c 2004, c2004 
300 |a 77 p. 
336 |a texto  |b txt  |2 rdacontenido 
337 |a sin mediación  |b n  |2 rdamedio 
338 |a volumen  |b nc  |2 rdasoporte 
545 0 |a Aurora Velasco Aceves Vidrio (Guadalajara), escritora jalisciense. Ha trabajado en proyectos educativos y de radio comunitaria, temas sobre los que cuenta con diversas publicaciones, en varios estados de México y en algunos países de América Latina. Radicada en Querétaro, donde ha participado en diversos talleres de la SOGEM, ha publicado artículos y cuentos en algunos diarios. Hasta el año que viene... (2004) fue reconocida con el primer lugar del Concurso Estatal de Novela Corta "Adolfo Torres Portillo" en Querétaro (2003). 
649 |a XX 
650 |a Indígenas de América Central -  |z Guatemala -  |x Condiciones Sociales y Culturales 
650 |a Novela Jalisciense 
650 |a Novela Mexicana 
650 |a Literatura Indigenista -  |z Jalisco 
650 |a Literatura Indigenista -  |z México 
650 |a Literatura de Mujeres -  |z Jalisco 
650 |a Literatura de Mujeres -  |z México 
650 |a Literatura Jalisciense -  |y Siglo XXI 
650 |a Literatura Mexicana -  |y Siglo XXI 
650 |a Migración -  |z EUA-Guatemala 
650 |a Guatemala en la Literatura 
650 |a EUA en la Literatura 
910 |a Fondo General 
920 |a Impresos - Libros 
930 |a Colección General 
940 |a Literatura 
905 |a 101 
901 |a 0500325076  |b IT1  |c LIT  |i D105934  |u 20250521 
902 |a https://opac.biblio.iteso.mx/vufind/Record/000415564